000 00632nam a2200205 i 4500
001 bgj
100 1 _aBOESCH, Ernst Eduard.
245 1 0 _aVon Nagas, Drachen und Geistern :
_bEin siamesisches Fabulierbuch /
_cErnst Eduard Boesch.
260 _aBonn :
_bDeutsch-Thailändische Gesellschaft ;
_c1993.
300 _a313 S. :
_bIll. ;
_c21 cm.
490 1 _aDeutsch-Thailändische Gesellschaft ;
_v21
650 9 _aEthnologie
830 _aDeutsch-Thailändische Gesellschaft ;
020 _a3923387202
040 _cBPK
041 0 _ager
920 _a3-923387-20-2
942 _cKS
008 s gw f |000 0 ger
999 _c50597
_d50597
856 _uhttp://koha.tu.koszalin.pl/cgi-bin/koha/opac-detail.pl?biblionumber=50597
_yKatalog online BPK